000 00626nmc a2200253 a 4500
003 AR-BaBNM
005 20251128205548.0
008 058019s1994 ||||||||||||||000 | spa||
020 _a84-206-4646-6
040 _cAR-BaBNM
100 1 _aQuiroga, Horacio
245 1 0 _aAnaconda
260 _aMadrid
_bAlianza Editorial
_c1994
300 0 _a62 p.
490 0 _aAlianza Cien
_vv. 46
650 4 _aCOSTUMBRES Y TRADICIONES
650 4 _aLITERATURA CONTEMPORANEA
650 4 _aCUENTOS DE ANIMALES
653 _aLITERATURA URUGUAYA
653 _aNARRATIVA
655 _aLITERATURA
942 _cBK
998 _cMARTIN
999 _c11899
_d11899